LEADER 01261nam 2200409 450 001 9910480698603321 005 20201123124851.0 010 $a1-84682-955-0 035 $a(CKB)4100000011372255 035 $a(MiAaPQ)EBC6270478 035 $a(EXLCZ)994100000011372255 100 $a20201123d2015 uy 0 101 0 $aeng 135 $aurcnu|||||||| 181 $ctxt$2rdacontent 182 $cc$2rdamedia 183 $acr$2rdacarrier 200 14$aThe Tudor discovery of Ireland /$fChristopher Maginn and Steven G. Ellis 210 $cFour Courts Press 215 $a1 online resource (208 pages) $cillustrations, maps 311 $a1-84682-573-3 320 $aIncludes bibliographical references (pages [191]-198) and index. 606 $aBritish$zIreland$xHistory$y16th century 607 $aGreat Britain$xHistory$yTudors, 1485-1603 607 $aIreland$xHistory$y1172-1603 608 $aElectronic books. 615 0$aBritish$xHistory 676 $a941.505 700 $aMaginn$b Christopher$0917919 702 $aEllis$b Steven G.$f1950- 801 0$bMiAaPQ 801 1$bMiAaPQ 801 2$bMiAaPQ 906 $aBOOK 912 $a9910480698603321 996 $aThe Tudor discovery of Ireland$92058212 997 $aUNINA LEADER 01167nas# 22002651i 450 001 UON00024198 005 20231205102033.16 100 $a20020107f1975 |0itac50 ba 101 $aita 102 $aIT 105 $a|||| 1|||| 110 $aaQ||||||||| 200 1 $aInformatica & documentazione$erivista trimestrale$fINFORAV 210 $aRoma$cINFORAV v. ; 27 cm 215 $a Trimestrale. - Descrizione basata su$canno 2(1975) n.1 620 $aIT$dRoma$3UONL000004 686 $aIT$cItalia - Scambio$2A 712 02$aINFORAV$cRoma$3UONV016189 712 $aINFORAV$3UONV249793$4650 801 $aIT$bSOL$c20250808$gRICA 899 $aSIBA - SISTEMA BIBLIOTECARIO DI ATENEO$2UONSI$42(1975) *1* 11(1984) *3* re$cPer 571 S37(UFFICIO 11) ; 912 $aUON00024198 950 $aSIBA - SISTEMA BIBLIOTECARIO DI ATENEO$bSI 2(1975) *1* 11(1984) *3* re$dSI A Per 571 1975 $eSI SA 82902 7 1975 $dSI A Per 571 1984 $eSI SA 114611 7 1984 996 $aInformatica & documentazione$9792955 997 $aUNIOR